Zhodnocovanie plastovej frakcie Li-ion batérií splyňovaním

Uložené v:
Podrobná bibliografia
Hlavný autor: Hruška, Tomáš (Autor)
Ďalší autori: Haydary, Juma (Vedúci práce)
Médium: Rukopis Kniha
Jazyk:Slovak
Vydavateľské údaje: 2025
Predmet:
On-line prístup:http://is.stuba.sk/zp/portal_zp.pl?podrobnosti=171519
Tagy: Pridať tag
Žiadne tagy, Buďte prvý, kto otaguje tento záznam!

MARC

LEADER 00000ntm a22000003a 4500
001 stuzp99467
003 SK-STU
005 20250628210514.4
007 ta
008 150427s2015----xo-----f-mn---000-0-slo-d
040 |a STU  |b slo 
041 0 |a slo 
100 1 |a Hruška, Tomáš  |u 046230  |4 aut  |U FCHPT Ústav chemického a environmentálneho inžinierstva  |T FCHPT Oddelenie chemického a biochemického inžinierstva  |X 117250  |U C6230  |Y 119  |7 117250 
242 0 1 |a Recovery of plastic fraction of Li-ion batteries by gasification  |y eng 
245 1 0 |a Zhodnocovanie plastovej frakcie Li-ion batérií splyňovaním 
260 |c 2025 
650 4 |a Li-iónová batéria  |2 slo 
650 4 |a syntézny plyn  |2 slo 
650 4 |a splyňovanie  |2 slo 
650 4 |a plastová frakcia  |2 slo 
650 4 |a Li-ion battery  |2 eng 
650 4 |a plastic fraction  |2 eng 
650 4 |a synthesis gas  |2 eng 
650 4 |a gasification  |2 eng 
700 1 |a Haydary, Juma  |u 046230  |k Z1  |4 ths  |U FCHPT Ústav chemického a environmentálneho inžinierstva  |T FCHPT Oddelenie chemického a biochemického inžinierstva  |X 3923  |U C6230  |Y 119  |7 A000003923 
856 4 |u http://is.stuba.sk/zp/portal_zp.pl?podrobnosti=171519